<?xml version="1.0" encoding="UTF-8"?>
<collection xmlns="http://www.loc.gov/MARC21/slim">
 <record>
  <leader>04725nas a2200601   4500</leader>
  <controlfield tag="001">1/50094</controlfield>
  <controlfield tag="008">930920s19--9999gr anzp       0   g0gre d</controlfield>
  <datafield tag="022" ind1=" " ind2=" ">
   <subfield code="a">0253-9454</subfield>
  </datafield>
  <datafield tag="035" ind1=" " ind2=" ">
   <subfield code="l">2420</subfield>
  </datafield>
  <datafield tag="040" ind1=" " ind2=" ">
   <subfield code="a">GR-PeUP</subfield>
  </datafield>
  <datafield tag="090" ind1=" " ind2=" ">
   <subfield code="a">Αλφαβητική σειρά</subfield>
  </datafield>
  <datafield tag="245" ind1="0" ind2="0">
   <subfield code="a">Στατιστική κοινωνικής πρόνοιας και υγιεινής = social welfare and health statistics</subfield>
  </datafield>
  <datafield tag="260" ind1=" " ind2=" ">
   <subfield code="a">Αθήνα :</subfield>
   <subfield code="b">Εθνική Στατιστική Υπηρεσία της Ελλάδος,</subfield>
   <subfield code="c">[19--]-</subfield>
  </datafield>
  <datafield tag="300" ind1=" " ind2=" ">
   <subfield code="a">τ. :</subfield>
   <subfield code="b">εικ.;</subfield>
   <subfield code="c">30 εκ.</subfield>
  </datafield>
  <datafield tag="310" ind1=" " ind2=" ">
   <subfield code="a">Ετήσιο</subfield>
  </datafield>
  <datafield tag="362" ind1="0" ind2=" ">
   <subfield code="a">1969-</subfield>
  </datafield>
  <datafield tag="546" ind1=" " ind2=" ">
   <subfield code="a">Ελληνική</subfield>
  </datafield>
  <datafield tag="650" ind1=" " ind2="4">
   <subfield code="a">Ασφάλιση, Κοινωνική</subfield>
   <subfield code="x">Στατιστική</subfield>
   <subfield code="v">Περιοδικά.</subfield>
  </datafield>
  <datafield tag="852" ind1=" " ind2=" ">
   <subfield code="a">INST</subfield>
   <subfield code="b">UNIPILB</subfield>
   <subfield code="c">SERIALS</subfield>
   <subfield code="e">20051116</subfield>
   <subfield code="h">Αλφαβητική σειρά</subfield>
   <subfield code="p">48489</subfield>
   <subfield code="q">48489</subfield>
   <subfield code="t">NOLOAN</subfield>
   <subfield code="v">(Έτος)1969:</subfield>
   <subfield code="y">23</subfield>
  </datafield>
  <datafield tag="852" ind1=" " ind2=" ">
   <subfield code="a">INST</subfield>
   <subfield code="b">UNIPILB</subfield>
   <subfield code="c">SERIALS</subfield>
   <subfield code="e">20051116</subfield>
   <subfield code="h">Αλφαβητική σειρά</subfield>
   <subfield code="p">48490</subfield>
   <subfield code="q">48490</subfield>
   <subfield code="t">NOLOAN</subfield>
   <subfield code="v">(Έτος)1970:</subfield>
   <subfield code="y">23</subfield>
  </datafield>
  <datafield tag="852" ind1=" " ind2=" ">
   <subfield code="a">INST</subfield>
   <subfield code="b">UNIPILB</subfield>
   <subfield code="c">SERIALS</subfield>
   <subfield code="e">20051116</subfield>
   <subfield code="h">Αλφαβητική σειρά</subfield>
   <subfield code="p">48491</subfield>
   <subfield code="q">48491</subfield>
   <subfield code="t">NOLOAN</subfield>
   <subfield code="v">(Έτος)1971:</subfield>
   <subfield code="y">23</subfield>
  </datafield>
  <datafield tag="852" ind1=" " ind2=" ">
   <subfield code="a">INST</subfield>
   <subfield code="b">UNIPILB</subfield>
   <subfield code="c">SERIALS</subfield>
   <subfield code="e">20051116</subfield>
   <subfield code="h">Αλφαβητική σειρά</subfield>
   <subfield code="p">48492</subfield>
   <subfield code="q">48492</subfield>
   <subfield code="t">NOLOAN</subfield>
   <subfield code="v">(Έτος)1972:</subfield>
   <subfield code="y">23</subfield>
  </datafield>
  <datafield tag="852" ind1=" " ind2=" ">
   <subfield code="a">INST</subfield>
   <subfield code="b">UNIPILB</subfield>
   <subfield code="c">SERIALS</subfield>
   <subfield code="e">20051116</subfield>
   <subfield code="h">Αλφαβητική σειρά</subfield>
   <subfield code="p">48493</subfield>
   <subfield code="q">48493</subfield>
   <subfield code="t">NOLOAN</subfield>
   <subfield code="v">(Έτος)1973:</subfield>
   <subfield code="y">23</subfield>
  </datafield>
  <datafield tag="852" ind1=" " ind2=" ">
   <subfield code="a">INST</subfield>
   <subfield code="b">UNIPILB</subfield>
   <subfield code="c">SERIALS</subfield>
   <subfield code="e">20051116</subfield>
   <subfield code="h">Αλφαβητική σειρά</subfield>
   <subfield code="p">48494</subfield>
   <subfield code="q">48494</subfield>
   <subfield code="t">NOLOAN</subfield>
   <subfield code="v">(Έτος)1974:</subfield>
   <subfield code="y">23</subfield>
  </datafield>
  <datafield tag="852" ind1=" " ind2=" ">
   <subfield code="a">INST</subfield>
   <subfield code="b">UNIPILB</subfield>
   <subfield code="c">SERIALS</subfield>
   <subfield code="e">20051116</subfield>
   <subfield code="h">Αλφαβητική σειρά</subfield>
   <subfield code="p">48495</subfield>
   <subfield code="q">48495</subfield>
   <subfield code="t">NOLOAN</subfield>
   <subfield code="v">(Έτος)1976:</subfield>
   <subfield code="y">23</subfield>
  </datafield>
  <datafield tag="852" ind1=" " ind2=" ">
   <subfield code="a">INST</subfield>
   <subfield code="b">UNIPILB</subfield>
   <subfield code="c">SERIALS</subfield>
   <subfield code="e">20051116</subfield>
   <subfield code="h">Αλφαβητική σειρά</subfield>
   <subfield code="p">48496</subfield>
   <subfield code="q">48496</subfield>
   <subfield code="t">NOLOAN</subfield>
   <subfield code="v">(Έτος)1977:</subfield>
   <subfield code="y">23</subfield>
  </datafield>
  <datafield tag="852" ind1=" " ind2=" ">
   <subfield code="a">INST</subfield>
   <subfield code="b">UNIPILB</subfield>
   <subfield code="c">SERIALS</subfield>
   <subfield code="e">20051116</subfield>
   <subfield code="h">Αλφαβητική σειρά</subfield>
   <subfield code="p">48497</subfield>
   <subfield code="q">48497</subfield>
   <subfield code="t">NOLOAN</subfield>
   <subfield code="v">(Έτος)1978:</subfield>
   <subfield code="y">23</subfield>
  </datafield>
  <datafield tag="852" ind1=" " ind2=" ">
   <subfield code="a">INST</subfield>
   <subfield code="b">UNIPILB</subfield>
   <subfield code="c">SERIALS</subfield>
   <subfield code="e">20051116</subfield>
   <subfield code="h">Αλφαβητική σειρά</subfield>
   <subfield code="p">48498</subfield>
   <subfield code="q">48498</subfield>
   <subfield code="t">NOLOAN</subfield>
   <subfield code="v">(Έτος)1979:</subfield>
   <subfield code="y">23</subfield>
  </datafield>
  <datafield tag="852" ind1=" " ind2=" ">
   <subfield code="a">INST</subfield>
   <subfield code="b">UNIPILB</subfield>
   <subfield code="c">SERIALS</subfield>
   <subfield code="e">20051116</subfield>
   <subfield code="h">Αλφαβητική σειρά</subfield>
   <subfield code="p">48499</subfield>
   <subfield code="q">48499</subfield>
   <subfield code="t">NOLOAN</subfield>
   <subfield code="v">(Έτος)1980:</subfield>
   <subfield code="y">23</subfield>
  </datafield>
  <datafield tag="852" ind1=" " ind2=" ">
   <subfield code="a">INST</subfield>
   <subfield code="b">UNIPILB</subfield>
   <subfield code="c">SERIALS</subfield>
   <subfield code="e">20051116</subfield>
   <subfield code="h">Αλφαβητική σειρά</subfield>
   <subfield code="p">48500</subfield>
   <subfield code="q">48500</subfield>
   <subfield code="t">NOLOAN</subfield>
   <subfield code="v">(Έτος)1981:</subfield>
   <subfield code="y">23</subfield>
  </datafield>
  <datafield tag="852" ind1=" " ind2=" ">
   <subfield code="a">INST</subfield>
   <subfield code="b">UNIPILB</subfield>
   <subfield code="c">SERIALS</subfield>
   <subfield code="e">20051116</subfield>
   <subfield code="h">Αλφαβητική σειρά</subfield>
   <subfield code="p">48501</subfield>
   <subfield code="q">48501</subfield>
   <subfield code="t">NOLOAN</subfield>
   <subfield code="v">(Έτος)1982:</subfield>
   <subfield code="y">23</subfield>
  </datafield>
  <datafield tag="852" ind1=" " ind2=" ">
   <subfield code="a">INST</subfield>
   <subfield code="b">UNIPILB</subfield>
   <subfield code="c">SERIALS</subfield>
   <subfield code="e">20051116</subfield>
   <subfield code="h">Αλφαβητική σειρά</subfield>
   <subfield code="p">48502</subfield>
   <subfield code="q">48502</subfield>
   <subfield code="t">NOLOAN</subfield>
   <subfield code="v">(Έτος)1983:</subfield>
   <subfield code="y">23</subfield>
  </datafield>
  <datafield tag="852" ind1=" " ind2=" ">
   <subfield code="a">INST</subfield>
   <subfield code="b">UNIPILB</subfield>
   <subfield code="c">SERIALS</subfield>
   <subfield code="e">20051116</subfield>
   <subfield code="h">Αλφαβητική σειρά</subfield>
   <subfield code="p">48503</subfield>
   <subfield code="q">48503</subfield>
   <subfield code="t">NOLOAN</subfield>
   <subfield code="v">(Έτος)1984:</subfield>
   <subfield code="y">23</subfield>
  </datafield>
  <datafield tag="852" ind1=" " ind2=" ">
   <subfield code="a">INST</subfield>
   <subfield code="b">UNIPILB</subfield>
   <subfield code="c">SERIALS</subfield>
   <subfield code="e">20051116</subfield>
   <subfield code="h">Αλφαβητική σειρά</subfield>
   <subfield code="p">48504</subfield>
   <subfield code="q">48504</subfield>
   <subfield code="t">NOLOAN</subfield>
   <subfield code="v">(Έτος)1985:</subfield>
   <subfield code="y">23</subfield>
  </datafield>
  <datafield tag="852" ind1=" " ind2=" ">
   <subfield code="a">INST</subfield>
   <subfield code="b">UNIPILB</subfield>
   <subfield code="c">SERIALS</subfield>
   <subfield code="e">20051116</subfield>
   <subfield code="h">Αλφαβητική σειρά</subfield>
   <subfield code="p">48505</subfield>
   <subfield code="q">48505</subfield>
   <subfield code="t">NOLOAN</subfield>
   <subfield code="v">(Έτος)1986:</subfield>
   <subfield code="y">23</subfield>
  </datafield>
  <datafield tag="852" ind1=" " ind2=" ">
   <subfield code="a">INST</subfield>
   <subfield code="b">UNIPILB</subfield>
   <subfield code="c">SERIALS</subfield>
   <subfield code="e">20051116</subfield>
   <subfield code="h">Αλφαβητική σειρά</subfield>
   <subfield code="p">48506</subfield>
   <subfield code="q">48506</subfield>
   <subfield code="t">NOLOAN</subfield>
   <subfield code="v">(Έτος)1987:</subfield>
   <subfield code="y">23</subfield>
  </datafield>
  <datafield tag="852" ind1=" " ind2=" ">
   <subfield code="a">INST</subfield>
   <subfield code="b">UNIPILB</subfield>
   <subfield code="c">SERIALS</subfield>
   <subfield code="e">20051116</subfield>
   <subfield code="h">Αλφαβητική σειρά</subfield>
   <subfield code="p">48508</subfield>
   <subfield code="q">48508</subfield>
   <subfield code="t">NOLOAN</subfield>
   <subfield code="v">(Έτος)1988:</subfield>
   <subfield code="y">23</subfield>
  </datafield>
  <datafield tag="852" ind1=" " ind2=" ">
   <subfield code="a">INST</subfield>
   <subfield code="b">UNIPILB</subfield>
   <subfield code="c">SERIALS</subfield>
   <subfield code="e">20051116</subfield>
   <subfield code="h">Αλφαβητική σειρά</subfield>
   <subfield code="p">48509</subfield>
   <subfield code="q">48509</subfield>
   <subfield code="t">NOLOAN</subfield>
   <subfield code="v">(Έτος)1989:</subfield>
   <subfield code="y">23</subfield>
  </datafield>
  <datafield tag="852" ind1=" " ind2=" ">
   <subfield code="a">INST</subfield>
   <subfield code="b">UNIPILB</subfield>
   <subfield code="c">SERIALS</subfield>
   <subfield code="e">20051116</subfield>
   <subfield code="h">Αλφαβητική σειρά</subfield>
   <subfield code="p">48510</subfield>
   <subfield code="q">48510</subfield>
   <subfield code="t">NOLOAN</subfield>
   <subfield code="v">(Έτος)1990:</subfield>
   <subfield code="y">23</subfield>
  </datafield>
  <datafield tag="852" ind1=" " ind2=" ">
   <subfield code="a">INST</subfield>
   <subfield code="b">UNIPILB</subfield>
   <subfield code="c">SERIALS</subfield>
   <subfield code="e">20051116</subfield>
   <subfield code="h">Αλφαβητική σειρά</subfield>
   <subfield code="p">48511</subfield>
   <subfield code="q">48511</subfield>
   <subfield code="t">NOLOAN</subfield>
   <subfield code="v">(Έτος)1991:</subfield>
   <subfield code="y">23</subfield>
  </datafield>
  <datafield tag="852" ind1=" " ind2=" ">
   <subfield code="a">INST</subfield>
   <subfield code="b">UNIPILB</subfield>
   <subfield code="c">SERIALS</subfield>
   <subfield code="e">20051116</subfield>
   <subfield code="h">Αλφαβητική σειρά</subfield>
   <subfield code="p">48512</subfield>
   <subfield code="q">48512</subfield>
   <subfield code="t">NOLOAN</subfield>
   <subfield code="v">(Έτος)1992:</subfield>
   <subfield code="y">23</subfield>
  </datafield>
  <datafield tag="852" ind1=" " ind2=" ">
   <subfield code="a">INST</subfield>
   <subfield code="b">UNIPILB</subfield>
   <subfield code="c">SERIALS</subfield>
   <subfield code="e">20051116</subfield>
   <subfield code="h">Αλφαβητική σειρά</subfield>
   <subfield code="p">48513</subfield>
   <subfield code="q">48513</subfield>
   <subfield code="t">NOLOAN</subfield>
   <subfield code="v">(Έτος)1993:</subfield>
   <subfield code="y">23</subfield>
  </datafield>
  <datafield tag="852" ind1=" " ind2=" ">
   <subfield code="a">INST</subfield>
   <subfield code="b">UNIPILB</subfield>
   <subfield code="c">SERIALS</subfield>
   <subfield code="e">20051116</subfield>
   <subfield code="h">Αλφαβητική σειρά</subfield>
   <subfield code="p">48514</subfield>
   <subfield code="q">48514</subfield>
   <subfield code="t">NOLOAN</subfield>
   <subfield code="v">(Έτος)1994:</subfield>
   <subfield code="y">23</subfield>
  </datafield>
  <datafield tag="852" ind1=" " ind2=" ">
   <subfield code="a">INST</subfield>
   <subfield code="b">UNIPILB</subfield>
   <subfield code="c">SERIALS</subfield>
   <subfield code="e">20051116</subfield>
   <subfield code="h">Αλφαβητική σειρά</subfield>
   <subfield code="p">48515</subfield>
   <subfield code="q">48515</subfield>
   <subfield code="t">NOLOAN</subfield>
   <subfield code="v">(Έτος)1995:</subfield>
   <subfield code="y">23</subfield>
  </datafield>
  <datafield tag="852" ind1=" " ind2=" ">
   <subfield code="a">INST</subfield>
   <subfield code="b">UNIPILB</subfield>
   <subfield code="c">SERIALS</subfield>
   <subfield code="e">20051116</subfield>
   <subfield code="h">Αλφαβητική σειρά</subfield>
   <subfield code="p">48516</subfield>
   <subfield code="q">48516</subfield>
   <subfield code="t">NOLOAN</subfield>
   <subfield code="v">(Έτος)1996:</subfield>
   <subfield code="y">23</subfield>
  </datafield>
  <datafield tag="852" ind1=" " ind2=" ">
   <subfield code="a">INST</subfield>
   <subfield code="b">UNIPILB</subfield>
   <subfield code="c">SERIALS</subfield>
   <subfield code="e">20051116</subfield>
   <subfield code="h">Αλφαβητική σειρά</subfield>
   <subfield code="p">48517</subfield>
   <subfield code="q">48517</subfield>
   <subfield code="t">NOLOAN</subfield>
   <subfield code="v">(Έτος)1997:</subfield>
   <subfield code="y">23</subfield>
  </datafield>
  <datafield tag="852" ind1=" " ind2=" ">
   <subfield code="a">INST</subfield>
   <subfield code="b">UNIPILB</subfield>
   <subfield code="c">SERIALS</subfield>
   <subfield code="e">20051116</subfield>
   <subfield code="h">Αλφαβητική σειρά</subfield>
   <subfield code="p">48518</subfield>
   <subfield code="q">48518</subfield>
   <subfield code="t">NOLOAN</subfield>
   <subfield code="v">(Έτος)1998:</subfield>
   <subfield code="y">23</subfield>
  </datafield>
  <datafield tag="856" ind1="4" ind2="1">
   <subfield code="u">http://dlib.statistics.gr/portal/page/portal/ESYE/categoryyears?p_cat=10007871&amp;p_topic=10007871</subfield>
  </datafield>
  <datafield tag="900" ind1=" " ind2=" ">
   <subfield code="a">(1999)</subfield>
   <subfield code="b">Οφειλόμενο</subfield>
   <subfield code="c">28/11/2005</subfield>
  </datafield>
  <datafield tag="900" ind1=" " ind2=" ">
   <subfield code="a">(1975)</subfield>
   <subfield code="b">Οφειλόμενο</subfield>
   <subfield code="c">28/11/2005</subfield>
  </datafield>
  <datafield tag="950" ind1=" " ind2=" ">
   <subfield code="a">01/01/1969</subfield>
   <subfield code="c">ΔΩΡΕΑ ΠΕΡΙΟΔΙΚΩΝ</subfield>
   <subfield code="d">633</subfield>
  </datafield>
  <datafield tag="951" ind1=" " ind2=" ">
   <subfield code="a">(1976) - (1998)</subfield>
   <subfield code="b">Main run</subfield>
  </datafield>
  <datafield tag="951" ind1=" " ind2=" ">
   <subfield code="a">(1969) - (1974)</subfield>
   <subfield code="b">Main run</subfield>
  </datafield>
 </record>
</collection>
